000
00263nam a2200109Ia 4500
008
220216s9999 xx 000 0 und d
100
_a
Mathew M
245
0
_a
Rubberinu sugandham pakaran sugandhavilakal
260
_b
Rubber
_c
2014
300
_a
24-25
942
_c
JS
999
_c
68252
_d
68252